| 000 | 00638nam a22001937a 4500 | ||
|---|---|---|---|
| 003 | OSt | ||
| 005 | 20260226034629.0 | ||
| 008 | 260226b |||||||| |||| 00| 0 eng d | ||
| 020 | _a971-07-2311-1 | ||
| 040 |
_aDWCL-Main Lib _cOC |
||
| 082 |
_aFil. 959.9 K11 2005 _21st ed. |
||
| 100 | _aMateo, Grace Estela C. ... [ET.AL.] | ||
| 245 | _aKabihasnang Pilipino : kasaysayan at pamahalaa | ||
| 260 |
_aQuezon City : _bVibal Publishing House , _cc2005. |
||
| 300 |
_aiii , 412 p. : _bill. ; _c26 cm. |
||
| 504 | _a1. Includes bibliographical references and index. | ||
| 650 | _aPhilippine history. | ||
| 942 |
_2ddc _cBK-FIL _mFil. _n0 _e1st ed. |
||
| 999 |
_c8555 _d8555 |
||